| 000 | 00670nam a2200229 a 4500 | ||
|---|---|---|---|
| 005 | 20220804082316.0 | ||
| 008 | 991125s1995 mx 000 0 spa u | ||
| 020 | _a9681637607 | ||
| 035 | _aUPN01000019213 | ||
| 049 | _aI | ||
| 050 | 4 |
_aPZ10.3 _aD6.48 |
|
| 100 | 1 | _aDoherty, Berlie | |
| 245 | 1 | 0 |
_aEncantacornio / _cBerlie Doherty ; tr. Mónica Mansour. |
| 260 |
_aMéxico : _bFCE, _c1995. |
||
| 300 |
_a175 p. : _bil. |
||
| 440 | 0 |
_aA la orilla del viento ; _v22 |
|
| 534 |
_pTitulo original: _tSpelthorn |
||
| 650 | 0 |
_aAnimales _vCuentos y leyendas _9234 |
|
| 650 | 0 |
_aCuentos ingleses _913122 |
|
| 650 | 0 |
_aLiteratura infantil inglesa _911046 |
|
| 905 | _aInfantil | ||
| 999 |
_c19213 _d19213 |
||